Most Common Last Names by Country - Multiple Choice - Statistics

General Stats
  • This quiz has been taken 18 times
  • The average score is 10 of 15
Answer Stats
Question Answer % Correct
Brazil Da Silva
100%
Italy Rossi
100%
South Korea Kim
94%
United States of America Smith
88%
Pakistan Khan
75%
Egypt Mohamed
75%
Sweden Andersson
69%
France Martin
69%
Papua New Guinea John
63%
Germany Müller
63%
China Wang
63%
Spain Garcia
56%
Mexico Hernandez
50%
Namibia Johannes
50%
Philippines Dela Cruz
25%
No matching quizzes found
Score Distribution
Percent of People with Each Score
Percentile by Number Answered
Your Score History
You have not taken this quiz